№ 9/10; Общество и экономика

Dades bibliogràfiques
Parent link:Общество и экономика: международный научный и общественно-политический журнал. № 9/10.— , 1992-.— 0207-3676
Idioma:rus
Publicat: 1997
Format: MixedMaterials Llibre
KOHA link:https://koha.lib.tpu.ru/cgi-bin/koha/opac-detail.pl?biblionumber=502290

MARC

LEADER 00000nam2a2200000 4500
001 502290
005 20231101102327.0
035 |a (RuTPU)RU\TPU\prd\172811 
035 |a RU\TPU\prd\172804 
090 |a 502290 
100 |a 20130327a19979999km y0rusy50 ca 
101 0 |a rus 
102 |a RU 
200 0 |a № 9/10 
210 |d 1997 
461 1 |0 (RuTPU)RU\TPU\prd\1657  |x 0207-3676  |t Общество и экономика  |o международный научный и общественно-политический журнал  |v № 9/10  |d 1992- 
801 0 |a RU  |b 63413507  |c 20010227  |g PSBO 
801 1 |a RU  |b 63413507  |c 20130214 
801 2 |a RU  |b 63413507  |c 20130327  |g RCR 
942 |c BK 
999 |a НТБ_ТПУ  |b НФ  |e -4/20130109  |p П-701э  |u 0,00  |v 1